| 000 | 01342cam a2200373 i 4500 | ||
|---|---|---|---|
| 999 |
_c331049 _d331049 |
||
| 001 | 17463099 | ||
| 003 | NUST | ||
| 005 | 20180117090031.0 | ||
| 008 | 120914s2013 ea a b 001 0 eng | ||
| 010 | _a 2012949475 | ||
| 020 | _a9781446256534 (hbk) | ||
| 020 | _a9781446256541 (pbk) | ||
| 040 |
_aDLC _beng _erda _cDLC |
||
| 042 | _apcc | ||
| 050 | 0 | 0 |
_aRJ504 _b.G44 2013 |
| 082 | 0 | 0 |
_a618.92/8914 _223 |
| 100 | 1 |
_aGeldard, Kathryn. _94477 |
|
| 245 | 1 | 0 |
_aCounselling children : _ba practical introduction / _cKathryn Geldard, David Geldard, and Rebecca Yin Foo. |
| 250 | _aFourth edition. | ||
| 264 | 1 |
_aLos Angeles : _bSage, _c2013. |
|
| 300 |
_aix, 342 pages : _billustrations ; _c25 cm |
||
| 336 |
_atext _btxt _2rdacontent |
||
| 337 |
_aunmediated _bn _2rdamedia |
||
| 338 |
_avolume _bnc _2rdacarrier |
||
| 650 | 0 |
_aChildren _xCounseling of. _94090 |
|
| 650 | 0 |
_aChild psychotherapy. _94089 |
|
| 700 | 1 |
_aGeldard, David. _94479 |
|
| 700 | 1 |
_aFoo, Rebecca Yin. _94481 |
|
| 906 |
_a7 _bcbc _corigcop _d2 _eepcn _f20 _gy-gencatlg |
||
| 942 |
_2ddc _cBK |
||